000 01000nam a22003017a 4500
001 5451
003 FISKH
005 20241206162652.0
008 241206b cb ||||| |||| 00| 0 eng d
020 _a9780545385787
040 _aFISKH
_beng
_cFISKH
_dFISKH
050 _aD804.34
082 _a940.53
100 _aZullo, Allan
245 _aWe fought back :
_bteen registers of the Holocaust /
_cby Allan Zullo
250 _aFirst Scholastic printing , September 2012
260 _aNew York :
_bScholastic ;
_c2012.
300 _a176 pages :
_billustrations ;
_c20 cm .
505 _aZ
520 _aTrue stories of teenage Jews who fought back against the Nazis primarily in eastern Europe by using tactics such as guerilla warfare and sabotage.
521 8 _a1090
_bLexile
521 8 _aZ
_bRaz-plus
650 _aHolocaust
_vNon-fiction
650 _ahistorical
_vNon-fiction
700 _aWindau, Jennifer Rinaldi
_edesigner
942 _2ddc
_cBK
_n0
999 _c5451
_d5451